[Event "Russian Championship B17 2016"]
[Site "Loo"]
[Date "2016.04.24"]
[Round "5.15"]
[White "Galchenko, Matvey"]
[Black "Scherbakov, Mikhail"]
[Result "1-0"]
[WhiteElo "2245"]
[BlackElo "2139"]
[PlyCount "67"]
[EventDate "2016.04.20"]

1. Nf3 c5 2. c4 g6 3. g3 Bg7 4. Bg2 d6 5. O-O Nc6 6. Nc3 Nh6 7. a3 O-O 8. Rb1
a5 9. d3 Nf5 10. Bd2 Bd7 11. e3 h5 12. h4 Rb8 13. Nb5 Ne5 14. Nxe5 Bxe5 15. Qe1
Bxb5 16. cxb5 b6 17. b4 axb4 18. axb4 d5 19. bxc5 bxc5 20. Qc1 Qd6 21. Qc2 e6
22. Rfc1 Rfc8 23. Ba5 Ra8 24. Qd2 d4 25. e4 Ne3 26. b6 Rcb8 27. f4 Bxf4 28.
gxf4 Qxf4 29. Rxc5 Qxh4 30. b7 Ng4 31. Qf4 Kg7 32. Rc7 e5 33. Qxf7+ Kh6 34.
Bd2+ 1-0

[Event "Russian Championship B17 2016"]
[Site "Loo"]
[Date "2016.04.24"]
[Round "5.16"]
[White "Dubinin, Alexsandr"]
[Black "Dobrocmyslov, Artem"]
[Result "1/2-1/2"]
[WhiteElo "2080"]
[BlackElo "2215"]
[PlyCount "81"]
[EventDate "2016.04.20"]

1. e4 e6 2. d4 d5 3. e5 c5 4. c3 Nc6 5. Nf3 Bd7 6. Be2 Rc8 7. a3 Nge7 8. O-O
Nf5 9. b4 cxd4 10. cxd4 a5 11. b5 Ncxd4 12. Nxd4 Rxc1 13. Qxc1 Nxd4 14. Qb2 Bc5
15. Rd1 Qh4 16. Nc3 O-O 17. Rac1 f6 18. g3 Qg5 19. Na4 Bxa3 20. Qxd4 Bxc1 21.
h4 Qh6 22. Qc3 Rc8 23. Qxa5 Be3 24. Nb6 Bxb6 25. Qxb6 fxe5 26. Qxb7 Rd8 27. Qc7
Qf6 28. b6 Ba4 29. Ra1 Rf8 30. Qc5 d4 31. f4 exf4 32. Rxa4 f3 33. Bc4 f2+ 34.
Kf1 Qg6 35. Bxe6+ Qxe6 36. Qc4 Qxc4+ 37. Rxc4 d3 38. b7 d2 39. Rd4 Rb8 40. Rxd2
Rxb7 41. Kxf2 1/2-1/2

[Event "Russian Championship B17 2016"]
[Site "Loo"]
[Date "2016.04.24"]
[Round "5.17"]
[White "Isayev, Maksym"]
[Black "Ergeshov, Timur"]
[Result "0-1"]
[WhiteElo "2059"]
[BlackElo "2209"]
[PlyCount "110"]
[EventDate "2016.04.20"]

1. d4 Nf6 2. Nf3 e6 3. g3 b6 4. Bg2 c6 5. O-O d5 6. c4 Be7 7. Qc2 O-O 8. Rd1
Nbd7 9. Nc3 Ba6 10. Nd2 b5 11. b3 bxc4 12. bxc4 Nb6 13. c5 Nc4 14. e4 Nd7 15.
Qa4 Qa5 16. Qxa5 Nxa5 17. exd5 cxd5 18. Nb3 Nc6 19. Bf4 Bf6 20. Bd6 Rfd8 21.
Bf1 Bc4 22. Nb5 a6 23. Na3 Bxb3 24. axb3 Bxd4 25. Rab1 Nxc5 26. Bxc5 Bxc5 27.
Rbc1 Bxa3 28. Rxc6 a5 29. Rc3 Rdc8 30. Rxc8+ Rxc8 31. h4 g6 32. Be2 Rc2 33. Kf1
Kg7 34. Rd3 Bc5 35. Ke1 Rb2 36. Kf1 Kf6 37. Rc3 Bb4 38. Rd3 Ke7 39. Bd1 Kd6 40.
f4 f6 41. Bf3 Bc5 42. h5 gxh5 43. f5 d4 44. fxe6 h4 45. gxh4 Kxe6 46. Be2 Ke5
47. h5 f5 48. Rg3 Bb4 49. Kf2 Kf4 50. Rf3+ Ke4 51. Rd3 Bd2 52. Rh3 Be3+ 53. Kf1
d3 54. Bf3+ Kf4 55. Bd1 Rf2+ 0-1

[Event "Russian Championship B17 2016"]
[Site "Loo"]
[Date "2016.04.24"]
[Round "5.18"]
[White "Radzhabov, Rodion"]
[Black "Mesnyankin, Nikita"]
[Result "1/2-1/2"]
[WhiteElo "2172"]
[BlackElo "2205"]
[PlyCount "74"]
[EventDate "2016.04.20"]

1. e4 e5 2. Nf3 Nc6 3. Nc3 Nf6 4. g3 d5 5. exd5 Nxd5 6. Bg2 Nxc3 7. bxc3 Bc5 8.
O-O O-O 9. Re1 Qf6 10. d3 h6 11. Be3 Bb6 12. Nd2 Qg6 13. Nc4 f6 14. a4 Be6 15.
a5 Bxe3 16. Nxe3 a6 17. d4 Rad8 18. d5 Ne7 19. c4 c6 20. d6 Nf5 21. Nxf5 Bxf5
22. c3 Bd3 23. c5 e4 24. Qb3+ Rf7 25. Ra4 f5 26. Rb4 Rdd7 27. f3 f4 28. Rbxe4
Bxe4 29. Rxe4 fxg3 30. hxg3 Qxg3 31. Qe6 Qg5 32. Re5 Qc1+ 33. Bf1 Qb1 34. Kf2
Qc2+ 35. Kg1 Qb1 36. Kf2 Qc2+ 37. Kg1 Qb1 1/2-1/2

[Event "Russian Championship B17 2016"]
[Site "Loo"]
[Date "2016.04.24"]
[Round "5.19"]
[White "Shandrygin, Nikita"]
[Black "Kuznetsov, Felix"]
[Result "0-1"]
[WhiteElo "2334"]
[BlackElo "2053"]
[PlyCount "74"]
[EventDate "2016.04.20"]

1. d4 Nf6 2. Nf3 e6 3. g3 b6 4. Bg2 Bb7 5. O-O Be7 6. c4 O-O 7. Nc3 Ne4 8. Qc2
Nxc3 9. Qxc3 f5 10. Rd1 Bf6 11. b3 d6 12. Bb2 Nd7 13. Ne1 Bxg2 14. Nxg2 e5 15.
Qc2 g6 16. dxe5 Nxe5 17. Nf4 Qd7 18. Rac1 Qf7 19. Qd2 Rae8 20. Nd5 Bg7 21. Kg2
Ng4 22. Bxg7 Qxg7 23. e3 Rf7 24. Qd4 Qxd4 25. Rxd4 a5 26. h3 Nf6 27. Nc3 Rfe7
28. g4 fxg4 29. hxg4 h6 30. Kf3 Kf7 31. Rh1 Kg7 32. Rg1 Rf7 33. Ke2 Nd7 34. Nd5
Nc5 35. f3 Re5 36. f4 Re8 37. g5 h5 {далее запись неразбор~~ива} 0-1

[Event "Russian Championship B17 2016"]
[Site "Loo"]
[Date "2016.04.24"]
[Round "5.20"]
[White "Klimentov, Evgeny"]
[Black "Shoshin, Boris"]
[Result "1/2-1/2"]
[WhiteElo "2274"]
[BlackElo "2055"]
[PlyCount "240"]
[EventDate "2016.04.20"]

1. e4 c5 2. Nf3 e6 3. d4 cxd4 4. Nxd4 Nf6 5. Nc3 Nc6 6. Ndb5 Bb4 7. a3 Bxc3+ 8.
Nxc3 d5 9. exd5 exd5 10. Bd3 d4 11. Ne2 Bf5 12. O-O Bxd3 13. Qxd3 O-O 14. Bg5
h6 15. Bh4 Re8 16. Rad1 Rc8 17. Rfe1 Re6 18. f3 Qb6 19. Bxf6 Rxf6 20. b4 Re6
21. Nf4 Ne5 22. Qd2 d3+ 23. Qf2 dxc2 24. Rc1 Ng4 25. Qxb6 Rxe1+ 26. Rxe1 axb6
27. Nd3 Rd8 28. Nc1 Rd1 29. Kf1 Ne3+ 30. Ke2 f5 31. g3 g5 32. f4 gxf4 33. gxf4
b5 34. Kf2 Kf7 35. Nb3 Rd3 36. Nc1 Rd1 37. Nb3 Rxe1 38. Kxe1 Ng2+ 39. Kd2 Nxf4
40. Kxc2 Kf6 41. Nd4 Ke5 42. Nxb5 Nd5 43. Kd3 f4 44. Nd4 Nf6 45. a4 Ng4 46.
Nf3+ Kd5 47. a5 Nf2+ 48. Ke2 Ne4 49. Kd3 Nf2+ 50. Ke2 Ne4 51. Kd3 Nd6 52. Nd4
Nc4 53. Kc3 Ne5 54. b5 f3 55. a6 f2 56. Nf5 bxa6 57. bxa6 Nc6 58. Kd2 Ke4 59.
Ne3 Kf3 60. h4 h5 61. Nf1 Kg2 62. Ne3+ Kf3 63. Nf1 Kg2 64. Ne3+ Kg1 65. Ke2
Nd4+ 66. Kd3 Nc6 67. Ke2 Nd4+ 68. Kd3 Nf5 69. a7 Nxe3 70. Kxe3 f1=Q 71. a8=Q
Qe1+ 72. Kd3 Qg3+ 73. Ke2 Qf2+ 74. Kd3 Qxh4 75. Qa1+ Kg2 76. Qa8+ Kh2 77. Kc3
Qg3+ 78. Kb4 h4 79. Qe4 Qd6+ 80. Kb5 Qd7+ 81. Ka6 Qc8+ 82. Kb5 Qb8+ 83. Ka6
Qd6+ 84. Kb5 Qf6 85. Qe2+ Kg1 86. Qg4+ Kf2 87. Qh3 Qg5+ 88. Ka6 Qg6+ 89. Ka5
Qg3 90. Qf5+ Ke3 91. Qc5+ Ke4 92. Qc6+ Kd4 93. Qd7+ Kc5 94. Qe7+ Kc6 95. Qe8+
Kb7 96. Qe4+ Kc8 97. Qf5+ Kc7 98. Qf7+ Kd6 99. Qf6+ Kd5 100. Qf7+ Ke5 101. Qe7+
Kf5 102. Qd7+ Kg5 103. Qe7+ Kh6 104. Qf6+ Kh5 105. Qh8+ Kg4 106. Qc8+ Kf3 107.
Qc3+ Kg2 108. Qd2+ Kf1 109. Ka6 Qa3+ 110. Kb7 h3 111. Qd1+ Kf2 112. Qd2+ Kf3
113. Qd1+ Ke3 114. Qe1+ Kd4 115. Qh4+ Kd5 116. Qg5+ Kc4 117. Qg4+ Kb5 118. Qf5+
Ka4 119. Qd7+ Ka5 120. Qf5+ Kb4 1/2-1/2

[Event "Russian Championship B17 2016"]
[Site "Loo"]
[Date "2016.04.24"]
[Round "5.21"]
[White "Gunchenko, Vadim"]
[Black "Zaichikov, Andrey"]
[Result "0-1"]
[WhiteElo "2263"]
[BlackElo "2013"]
[PlyCount "98"]
[EventDate "2016.04.20"]

1. d4 g6 2. c4 Nf6 3. Nc3 Bg7 4. e4 d6 5. Be2 O-O 6. Nf3 Nbd7 7. Be3 e5 8. d5
Ng4 9. Bg5 f6 10. Bh4 g5 11. Bg3 Nh6 12. Nd2 f5 13. exf5 Nxf5 14. Nde4 h6 15.
O-O Nf6 16. Rc1 c5 17. Bd3 Nd4 18. a3 Nxe4 19. Nxe4 g4 20. b4 b6 21. bxc5 bxc5
22. Rb1 h5 23. h3 Bh6 24. hxg4 hxg4 25. Rb2 Bf4 26. Qa4 Bf5 27. Qd1 Rf7 28. Qb1
Bxe4 29. Bxe4 Qg5 30. Qd3 Kg7 31. Rfb1 Rh8 32. Rb7 Rhf8 33. a4 a5 34. Kf1 Bxg3
35. Qxg3 Rh8 36. Rxf7+ Kxf7 37. f4 Qxf4+ 38. Qxf4+ exf4 39. Rb7+ Kf6 40. g3 f3
41. Kf2 Rh2+ 42. Ke3 Re2+ 43. Kf4 f2 44. Bg2 f1=Q+ 45. Bxf1 Rf2+ 46. Kxg4 Rxf1
47. Ra7 Nf5 48. Rxa5 Ne3+ 49. Kh4 Rh1# 0-1

[Event "Russian Championship B17 2016"]
[Site "Loo"]
[Date "2016.04.24"]
[Round "5.22"]
[White "Mestnikov, Aisen"]
[Black "Saidov, Bilukhadzh"]
[Result "1/2-1/2"]
[WhiteElo "2190"]
[BlackElo "2027"]
[PlyCount "85"]
[EventDate "2016.04.20"]

1. d4 d5 2. Nf3 Nf6 3. c4 e6 4. g3 Nbd7 5. Bg2 c6 6. O-O Bd6 7. Nc3 O-O 8. Qd3
Qe7 9. Rd1 dxc4 10. Qxc4 e5 11. e4 Nb6 12. Qd3 exd4 13. Nxd4 Rd8 14. h3 Bc7 15.
Qe2 Be5 16. Be3 Be6 17. f4 Bc7 18. b3 Bd7 19. Rac1 Re8 20. Bf2 Rac8 21. e5 Nfd5
22. Ne4 f6 23. Nf3 fxe5 24. Bc5 Qd8 25. fxe5 Bxe5 26. Nxe5 Rxe5 27. Qb2 Re6 28.
h4 Be8 29. Ng5 Rg6 30. Be4 Rxg5 31. hxg5 Qxg5 32. Qh2 Nf6 33. Bf3 Nbd5 34. Qh4
Qg6 35. Bd4 Bf7 36. Bxf6 Nxf6 37. Rd6 Re8 38. Rcd1 Qf5 39. Qf4 Qc5+ 40. Qd4 Qg5
41. Qf4 Qc5+ 42. Qd4 Qg5 43. Qf4 1/2-1/2

[Event "Russian Championship B17 2016"]
[Site "Loo"]
[Date "2016.04.24"]
[Round "5.23"]
[White "Bubnov, Kirill"]
[Black "Galiullin, Mikhail"]
[Result "1-0"]
[WhiteElo "2159"]
[BlackElo "2164"]
[PlyCount "79"]
[EventDate "2016.04.20"]

1. d4 Nf6 2. c4 g6 3. Nc3 Bg7 4. e4 d6 5. f3 O-O 6. Bg5 h6 7. Be3 e5 8. d5 c6
9. Qd2 cxd5 10. cxd5 a6 11. Nge2 b5 12. g4 Nbd7 13. Ng3 b4 14. Nd1 Nc5 15. Bxh6
Bxh6 16. Qxh6 Bxg4 17. Be2 Bd7 18. h4 Nh7 19. Nh5 gxh5 20. Rg1+ Bg4 21. Qxh5
Kh8 22. Rxg4 Rg8 23. Ne3 b3 24. Nf5 Rxg4 25. fxg4 Qa5+ 26. Kf1 Rf8 27. Nxd6 Qd2
28. axb3 Nd3 29. g5 f5 30. exf5 Nf4 31. Qf3 Nxd5 32. Nc4 Qf4 33. Qxf4 Nxf4 34.
f6 Ng6 35. Bd3 Nxh4 36. Bxh7 Kxh7 37. Nxe5 Ng6 38. Ng4 Rb8 39. Rxa6 Nf4 40. Ne5
1-0

[Event "Russian Championship B17 2016"]
[Site "Loo"]
[Date "2016.04.24"]
[Round "5.24"]
[White "Lushnikov, Sergey"]
[Black "Selivanov, Ivan"]
[Result "1-0"]
[WhiteElo "1953"]
[BlackElo "2194"]
[PlyCount "131"]
[EventDate "2016.04.20"]

1. e4 c5 2. Nf3 d6 3. d4 cxd4 4. Nxd4 Nf6 5. Nc3 a6 6. Be2 e5 7. Nb3 Be7 8. O-O
O-O 9. Kh1 Nc6 10. Be3 Be6 11. f4 exf4 12. Rxf4 Ne5 13. Nd4 Re8 14. Nf5 Bf8 15.
Nd5 Nxd5 16. exd5 Bxf5 17. Rxf5 g6 18. Rf2 Bg7 19. Qd2 Rc8 20. Raf1 Qc7 21. Qb4
f5 22. Bb6 Qe7 23. c3 h5 24. Qf4 Kh7 25. h3 Bh6 26. Qa4 Nd7 27. Bd4 Nc5 28.
Bxc5 dxc5 29. Qc2 h4 30. c4 Kg7 31. Bd3 Qd6 32. Qc3+ Kg8 33. Qc2 Re3 34. Re2
Rce8 35. Rfe1 Qg3 36. Rxe3 Bxe3 37. Qd1 Re5 38. Re2 Bf4 39. Kg1 Be3+ 40. Kh1 g5
41. d6 Bf4 42. Kg1 Be3+ 43. Kh1 Bf4 44. Kg1 Qh2+ 45. Kf2 g4 46. Rxe5 Bxe5 47.
d7 Bd4+ 48. Ke1 Qd6 49. Bxf5 g3 50. Qe2 Be5 51. d8=Q+ Qxd8 52. Qxe5 Qa5+ 53.
Ke2 Qxa2 54. Be6+ Kh7 55. Qh5+ Kg7 56. Qf7+ Kh6 57. Qf6+ Kh7 58. Qxh4+ Kg6 59.
Qe4+ Kf6 60. Qf5+ Ke7 61. Qe5 Qb3 62. Bd5+ Kd8 63. Qf6+ Kc8 64. Qf8+ Kd7 65.
Qf7+ Kc8 66. Qxb7+ 1-0

[Event "Russian Championship B17 2016"]
[Site "Loo"]
[Date "2016.04.24"]
[Round "5.25"]
[White "Chilingaryan, Pavel"]
[Black "Piskun, Denis"]
[Result "1/2-1/2"]
[WhiteElo "2125"]
[BlackElo "1689"]
[PlyCount "80"]
[EventDate "2016.04.20"]

1. Nf3 Nf6 2. g3 d5 3. Bg2 Nbd7 4. d4 e6 5. O-O c5 6. c4 dxc4 7. Qa4 Nd5 8.
dxc5 Bxc5 9. Qxc4 Qc7 10. Qg4 N7f6 11. Qh4 O-O 12. a3 Bd7 13. Bg5 h6 14. Bxf6
Nxf6 15. Nc3 Rac8 16. Rac1 Qb6 17. b4 Be7 18. Qd4 Qa6 19. Ne5 Rfd8 20. Qe3 Be8
21. Qf3 b6 22. Qb7 Qxb7 23. Bxb7 Rc7 24. Bf3 Rdc8 25. Na2 Rxc1 26. Rxc1 Rxc1+
27. Nxc1 Nd5 28. Ncd3 f6 29. Nc4 Nc3 30. Nd2 Bb5 31. Kf1 a5 32. bxa5 bxa5 33.
Nb3 a4 34. Nd4 Bc4 35. Nc2 e5 36. Bc6 Bb3 37. Ndb4 Nb1 38. Bd5+ Bxd5 39. Nxd5
Bxa3 40. Nxa3 Nxa3 1/2-1/2

[Event "Russian Championship B17 2016"]
[Site "Loo"]
[Date "2016.04.24"]
[Round "5.26"]
[White "Tkhamokov, Amir"]
[Black "Volobuev, Vladimir"]
[Result "1-0"]
[WhiteElo "1844"]
[BlackElo "2062"]
[PlyCount "75"]
[EventDate "2016.04.20"]

1. d4 Nf6 2. g3 d5 3. Bg2 c6 4. c4 dxc4 5. Nc3 e6 6. e4 Bb4 7. Nge2 O-O 8. O-O
Nbd7 9. f4 Nb6 10. f5 exf5 11. Bg5 h6 12. Bxf6 Qxf6 13. exf5 Bxc3 14. Nxc3 Rd8
15. Rf4 Nd5 16. Bxd5 cxd5 17. Qf3 Qd6 18. Re1 b6 19. Qh5 Qf6 20. Re5 Bb7 21. h4
Re8 22. Qe2 Rxe5 23. dxe5 Qc6 24. f6 g6 25. Rd4 Qc5 26. Qe3 Re8 27. Qxh6 Qf8
28. Qe3 Kh7 29. h5 Qh6 30. hxg6+ Qxg6 31. Rh4+ Kg8 32. Qf4 Bc8 33. Rh6 Qg4 34.
Qxg4+ Bxg4 35. Nxd5 Rxe5 36. Ne7+ Rxe7 37. fxe7 Bd7 38. Rd6 1-0

[Event "Russian Championship B17 2016"]
[Site "Loo"]
[Date "2016.04.24"]
[Round "5.27"]
[White "Pryalukhin, Danila"]
[Black "Akhtemov, Mustafa"]
[Result "0-1"]
[WhiteElo "2011"]
[BlackElo "1880"]
[PlyCount "102"]
[EventDate "2016.04.20"]

1. d4 d5 2. c4 c6 3. Nc3 Nf6 4. Nf3 e6 5. Bg5 Nbd7 6. e3 Bd6 7. Qc2 a6 8. Bd3
dxc4 9. Bxc4 Qa5 10. O-O Be7 11. Bd3 e5 12. Rae1 h6 13. Bh4 O-O 14. dxe5 Nxe5
15. Nxe5 Qxe5 16. f4 Qc5 17. Kh1 Nd5 18. Bxe7 Qxe7 19. Bc4 Nxc3 20. Qxc3 Be6
21. Bd3 f6 22. e4 Rad8 23. Re3 Qd6 24. Rg3 Kh8 25. a3 Qd4 26. Qc1 c5 27. Bb1 c4
28. Rc3 b5 29. h3 Qd2 30. Ba2 Qxc1 31. Rfxc1 Rd2 32. R3c2 Rfd8 33. Bb1 Rxc2 34.
Bxc2 Rd2 35. e5 fxe5 36. fxe5 Kg8 37. Bg6 Kf8 38. b3 Bd5 39. bxc4 bxc4 40. Rb1
Rxg2 41. Rb8+ Ke7 42. Re8+ Kd7 43. e6+ Kc7 44. Bf7 Rg3+ 45. Kh2 Rg2+ 46. Kh1
Rb2+ 47. Kg1 c3 48. Re7+ Kb6 49. Bg6 Rg2+ 50. Kf1 Rxg6 51. Rd7 Bxe6 0-1

[Event "Russian Championship B17 2016"]
[Site "Loo"]
[Date "2016.04.24"]
[Round "5.28"]
[White "Prokopov, Nikita"]
[Black "Gagarin, Sergey"]
[Result "0-1"]
[WhiteElo "1682"]
[BlackElo "1997"]
[PlyCount "58"]
[EventDate "2016.04.20"]

1. e4 c5 2. Nc3 d6 3. g3 g6 4. d3 Bg7 5. Bg2 Nc6 6. f4 e6 7. Nge2 Nge7 8. Be3
O-O 9. O-O Rb8 10. Qd2 Nd4 11. h3 b5 12. g4 b4 13. Nd1 f5 14. Ng3 a5 15. exf5
exf5 16. g5 Bb7 17. h4 Bxg2 18. Kxg2 Qc7 19. Bxd4 Bxd4 20. Qe2 Rfe8 21. h5 Qb7+
22. Kh3 Nd5 23. Qd2 Be3 24. Nxe3 Nxe3 25. Rf2 Ng4 26. Re2 Qf3 27. Rae1 Rxe2 28.
Rxe2 gxh5 29. Kh4 Nf2 0-1

[Event "Russian Championship B19 2016"]
[Site "Loo"]
[Date "2016.04.24"]
[Round "5.1"]
[White "Vavulin, Maksim"]
[Black "Yeletsky, Ivan"]
[Result "1-0"]
[WhiteElo "2474"]
[BlackElo "2344"]
[PlyCount "73"]
[EventDate "2016.04.20"]

1. e4 c5 2. Nf3 d6 3. d4 cxd4 4. Nxd4 Nf6 5. Nc3 a6 6. Be3 e5 7. Nb3 Be6 8. h3
Nc6 9. Qf3 Rc8 10. O-O-O Nb4 11. Kb1 h6 12. a3 Rxc3 13. bxc3 Nc6 14. c4 Be7 15.
g4 Nd7 16. h4 Na5 17. g5 h5 18. Rg1 g6 19. Bc1 Qb6 20. Qc3 Nxc4 21. Rg3 Qb5 22.
Qb4 Ndb6 23. Qxb5+ axb5 24. Nd2 Bd7 25. Nxc4 bxc4 26. Bd2 Bg4 27. Re1 Be6 28.
f4 Na4 29. Bh3 O-O 30. f5 gxf5 31. exf5 Bd5 32. f6 Bd8 33. Bb4 Bc7 34. g6 Bb8
35. Rf1 c3 36. g7 Rd8 37. Rg5 1-0

[Event "Russian Championship B19 2016"]
[Site "Loo"]
[Date "2016.04.24"]
[Round "5.2"]
[White "Zhuk, Valeriy"]
[Black "Anikonov, Dmitry"]
[Result "0-1"]
[WhiteElo "2310"]
[BlackElo "2387"]
[PlyCount "44"]
[EventDate "2016.04.20"]

1. d4 g6 2. Nf3 Bg7 3. c4 d6 4. g3 Nf6 5. Bg2 O-O 6. O-O c5 7. Nc3 Nc6 8. dxc5
dxc5 9. Na4 b6 10. Bf4 Bb7 11. Qxd8 Raxd8 12. Rad1 Nh5 13. Bc1 Nb4 14. a3 Nc6
15. Bd2 Nd4 16. Nxd4 Bxg2 17. Kxg2 Rxd4 18. Be3 Rxc4 19. b3 Rc2 20. Rd7 Nf6 21.
Rxe7 b5 22. Nxc5 Nd5 0-1

[Event "Russian Championship B19 2016"]
[Site "Loo"]
[Date "2016.04.24"]
[Round "5.3"]
[White "Timerkhanov, Alexander"]
[Black "Drygalov, Sergey"]
[Result "1/2-1/2"]
[WhiteElo "2260"]
[BlackElo "2372"]
[PlyCount "58"]
[EventDate "2016.04.20"]

1. d4 Nf6 2. Bg5 d5 3. e3 c5 4. Bxf6 gxf6 5. c4 cxd4 6. Qxd4 Be6 7. cxd5 Qxd5
8. Qxd5 Bxd5 9. Nc3 Bc6 10. Nge2 e6 11. Nd4 a6 12. a3 f5 13. Rd1 Bg7 14. Rg1
Ke7 15. g4 Bxd4 16. Rxd4 fxg4 17. Rdxg4 Nd7 18. f4 Rad8 19. Bg2 Nf6 20. Rg3
Bxg2 21. R3xg2 Nd5 22. Nxd5+ Rxd5 23. Rc2 Rhd8 24. Rc7+ R8d7 25. Rxd7+ Rxd7 26.
Ke2 Rc7 27. Kd2 Rd7+ 28. Ke2 Rc7 29. Kd2 Rd7+ 1/2-1/2

[Event "Russian Championship B19 2016"]
[Site "Loo"]
[Date "2016.04.24"]
[Round "5.4"]
[White "Zakaryan, David"]
[Black "Aleksandrovskiy, Dmitriy"]
[Result "1-0"]
[WhiteElo "2342"]
[BlackElo "2252"]
[PlyCount "101"]
[EventDate "2016.04.20"]

1. e4 d5 2. exd5 Qxd5 3. Nc3 Qd8 4. d4 Nf6 5. Nf3 e6 6. Bg5 Be7 7. Bd3 h6 8.
Bh4 Nd5 9. Bxe7 Qxe7 10. Qd2 Nd7 11. O-O-O N7f6 12. Ne5 c6 13. Ne4 Nb4 14. a3
Nxd3+ 15. Qxd3 Nxe4 16. Qxe4 Bd7 17. c4 Rd8 18. h4 O-O 19. Rh3 Be8 20. Rg3 f6
21. Nd3 Bh5 22. Rd2 Rfe8 23. Re3 Bf7 24. g4 e5 25. dxe5 c5 26. Qf5 Bxc4 27.
exf6 Qxf6 28. Qxf6 gxf6 29. Nxc5 b6 30. Ne4 Rxd2 31. Kxd2 Re6 32. Kc3 Bd5 33.
f3 Kf7 34. Kd3 Bb7 35. Ng3 Rd6+ 36. Kc2 Rc6+ 37. Kd2 Rd6+ 38. Ke1 Re6 39. Kf2
Rc6 40. Nf5 Bc8 41. Nxh6+ Kg6 42. Ng8 Kf7 43. Ne7 Rc2+ 44. Kg3 Be6 45. f4 Kxe7
46. f5 Rxb2 47. Rxe6+ Kf7 48. g5 Rb3+ 49. Kg4 fxg5 50. hxg5 Rxa3 51. g6+ 1-0

[Event "Russian Championship B19 2016"]
[Site "Loo"]
[Date "2016.04.24"]
[Round "5.5"]
[White "Mikheev, Aleksey"]
[Black "Kozionov, Kirill"]
[Result "0-1"]
[WhiteElo "2268"]
[BlackElo "2423"]
[PlyCount "68"]
[EventDate "2016.04.20"]

1. e4 e5 2. Nf3 Nc6 3. Nc3 Nf6 4. Be2 Bb4 5. Nd5 Be7 6. d3 d6 7. Nxf6+ Bxf6 8.
O-O O-O 9. c3 Qe7 10. Be3 g6 11. Nd2 Bg7 12. f4 f5 13. Qe1 exf4 14. Bxf4 g5 15.
Be3 f4 16. Bf2 Ne5 17. d4 Ng4 18. h3 Nh6 19. Nf3 Kh8 20. Bd3 Bd7 21. Nh2 Rae8
22. Qe2 g4 23. hxg4 Qg5 24. Be1 Nxg4 25. Nxg4 Bxg4 26. Qf2 Qg6 27. Bd2 d5 28.
Bxf4 dxe4 29. Bc4 e3 30. Qg3 e2 31. Rfe1 Qh5 32. Bd3 c5 33. Rac1 cxd4 34. c4
Rxf4 0-1

[Event "Russian Championship B19 2016"]
[Site "Loo"]
[Date "2016.04.24"]
[Round "5.6"]
[White "Ivlev, Aleksey"]
[Black "Litvinov, Maxim"]
[Result "1-0"]
[WhiteElo "2302"]
[BlackElo "2413"]
[PlyCount "73"]
[EventDate "2016.04.20"]

1. e4 d6 2. d4 Nf6 3. Nc3 e5 4. Nge2 Nbd7 5. g3 c6 6. a4 Be7 7. Bg2 b6 8. O-O
O-O 9. h3 Bb7 10. Be3 a6 11. g4 b5 12. Ng3 exd4 13. Qxd4 c5 14. Qd2 b4 15. Nce2
Ne5 16. b3 Qc7 17. g5 Ne8 18. f4 Nc6 19. Nf5 Rd8 20. Rad1 a5 21. c4 Kh8 22. Qb2
f6 23. h4 g6 24. Nh6 Bc8 25. f5 Ne5 26. Nf4 Ng7 27. fxg6 fxg5 28. Nd5 Qd7 29.
Nxe7 Qxe7 30. Bxg5 Qe6 31. Bxd8 Rxd8 32. Qxe5 dxe5 33. Rxd8+ Ne8 34. Rf8+ Kg7
35. Rfxe8 Qf6 36. gxh7 Kxh7 37. Rh8+ 1-0

[Event "Russian Championship B19 2016"]
[Site "Loo"]
[Date "2016.04.24"]
[Round "5.7"]
[White "Lavrinenko, Aleksandr"]
[Black "Khanin, Semen"]
[Result "0-1"]
[WhiteElo "1969"]
[BlackElo "2396"]
[PlyCount "104"]
[EventDate "2016.04.20"]

1. e4 c5 2. Nf3 e6 3. d4 cxd4 4. Nxd4 Nc6 5. Nc3 Qc7 6. Be3 a6 7. Qf3 Nf6 8.
O-O-O Ne5 9. Qg3 b5 10. Nf3 d6 11. Nxe5 dxe5 12. f3 Rb8 13. Qf2 Bd7 14. Kb1 b4
15. Ne2 a5 16. Nc1 Be7 17. b3 O-O 18. Bc4 a4 19. Nd3 Bb5 20. Bxb5 Rxb5 21. Nb2
a3 22. Nc4 Rc8 23. Rd3 Bc5 24. Rhd1 h6 25. Bxc5 Rxc5 26. Qd2 Kh7 27. Rd8 Rxd8
28. Qxd8 Rxc4 29. bxc4 Qxc4 30. Qd3 Qc5 31. Rf1 Ne8 32. c3 bxc3 33. Kc2 Nd6 34.
Qxc3 Nc4 35. Kb1 Nd2+ 36. Qxd2 Qb5+ 37. Kc2 Qc4+ 38. Qc3 Qxf1 39. Kb3 Qxg2 40.
Kxa3 Qxh2 41. Kb3 h5 42. a4 h4 43. a5 h3 44. a6 Qg1 45. Qxe5 h2 46. Qh5+ Kg8
47. a7 Qxa7 48. Qxh2 Qe3+ 49. Ka2 Qxf3 50. Qb8+ Kh7 51. Qh2+ Kg6 52. Qe5 Qg4
0-1

[Event "Russian Championship B19 2016"]
[Site "Loo"]
[Date "2016.04.24"]
[Round "5.8"]
[White "Murtazin, Bulat"]
[Black "Kuzmin, Egor"]
[Result "1/2-1/2"]
[WhiteElo "2319"]
[BlackElo "2242"]
[PlyCount "204"]
[EventDate "2016.04.20"]

1. d4 d5 2. c4 e6 3. Nf3 Nf6 4. Nc3 Bb4 5. Bg5 h6 6. Bxf6 Qxf6 7. e3 O-O 8. Rc1
dxc4 9. Bxc4 c5 10. O-O cxd4 11. Ne4 Qe7 12. a3 Ba5 13. Qxd4 Rd8 14. Qe5 Nc6
15. Qh5 Bd7 16. Rfd1 Be8 17. g4 Rxd1+ 18. Rxd1 Rd8 19. Rxd8 Qxd8 20. Kg2 Ne7
21. Bb5 Nc6 22. Qc5 a6 23. Ba4 b5 24. Bc2 Bb6 25. Qd6 Qxd6 26. Nxd6 Kf8 27.
Nxe8 Kxe8 28. Be4 Nd8 29. Ne5 Ke7 30. Nd3 Kd6 31. h3 g6 32. Ba8 a5 33. Kf1 e5
34. Nc1 Ne6 35. Na2 Nc7 36. Be4 Ke6 37. Bd3 f5 38. b4 e4 39. Be2 axb4 40. axb4
Ke5 41. Nc3 Nd5 42. Nxd5 Kxd5 43. Bxb5 h5 44. g5 h4 45. Be8 Bd8 46. Bxg6 Ke5
47. b5 Bxg5 48. b6 Bd8 49. b7 Bc7 50. Ke2 f4 51. Kd2 Bb8 52. Kc3 fxe3 53. fxe3
Kd5 54. Kb4 Ba7 55. Kb5 Bb8 56. Kb6 Kd6 57. Bxe4 Ke7 58. Kc6 Ke6 59. Bd5+ Ke7
60. Ba2 Be5 61. Kb5 Bb8 62. Kc4 Kf6 63. Kc5 Bg3 64. Bg8 Bb8 65. Bb3 Bg3 66. e4
Bb8 67. Ba2 Bg3 68. Kb6 Bb8 69. Bd5 Ke7 70. Bg8 Kf6 71. Bh7 Ke7 72. Bg6 Kf6 73.
Bf5 Ke7 74. Kc6 Bg3 75. Bg4 Bb8 76. Kb6 Kf6 77. Kc5 Ke7 78. Kc4 Kf6 79. Kd4 Bg3
80. Be2 Bb8 81. Bc4 Bg3 82. Kc5 Bb8 83. Kb6 Ke7 84. Bg8 Kf6 85. Kc5 Ke7 86. Kc6
Bg3 87. Kb6 Bb8 88. Kc5 Bg3 89. Kd4 Kf6 90. Ke3 Be5 91. Kf3 Kg5 92. Be6 Bb8 93.
Bc8 Be5 94. Ke3 Kf6 95. Ke2 Bb8 96. Kf3 Kg5 97. Ke3 Kf6 98. Kd4 Bg3 99. Kc5 Ke7
100. Kb6 Bb8 101. e5 Bxe5 102. Ka7 Kf6 1/2-1/2

[Event "Russian Championship B19 2016"]
[Site "Loo"]
[Date "2016.04.24"]
[Round "5.9"]
[White "Shapiro, David"]
[Black "Drygalov, Andrey"]
[Result "1-0"]
[WhiteElo "2230"]
[BlackElo "2317"]
[PlyCount "163"]
[EventDate "2016.04.20"]

1. d4 Nf6 2. Bf4 g6 3. Nf3 Bg7 4. Nc3 d5 5. e3 O-O 6. Be2 c6 7. Ne5 Nfd7 8. Nd3
f6 9. O-O e5 10. Bg3 Qe7 11. f4 e4 12. Nc1 f5 13. Nb3 a5 14. a4 b6 15. Nb1 Ba6
16. Na3 Bxe2 17. Qxe2 Na6 18. Rfd1 Rfc8 19. c3 Nf8 20. Rac1 Ne6 21. Be1 Qd7 22.
Rc2 Bf8 23. Rcc1 Be7 24. Kh1 Qe8 25. Nc2 Nac7 26. Ra1 Kh8 27. Kg1 g5 28. fxg5
Bxg5 29. Bg3 Qg6 30. Rf1 Rf8 31. Be5+ Kg8 32. Qd2 Ne8 33. Nc1 Nf6 34. Ne2 Ng4
35. Nf4 Bxf4 36. Bxf4 Ra7 37. b4 Rg7 38. bxa5 bxa5 39. Qe2 Kh8 40. Rab1 Rfg8
41. Rb8 Rxb8 42. Bxb8 Rb7 43. Bg3 Rb2 44. c4 h5 45. cxd5 cxd5 46. Rc1 Qg5 47.
h3 Nf6 48. Be5 Kg7 49. Qd2 Kg6 50. Qc3 Rb7 51. Qc6 Re7 52. Rf1 h4 53. Bxf6 Qxf6
54. Qxd5 Rc7 55. Na3 Ng5 56. Nc4 Rg7 57. Ne5+ Kh7 58. Ng4 Qb6 59. Qxf5+ Kh8 60.
Qf8+ Rg8 61. Qf6+ Qxf6 62. Rxf6 Rb8 63. Rf5 Rb1+ 64. Kh2 Ne6 65. Rxa5 Kg7 66.
Re5 Kf7 67. Rxe4 Ng5 68. Ne5+ Kf6 69. Rf4+ Ke6 70. Rxh4 Ra1 71. Rg4 Kf5 72.
Rf4+ Ke6 73. h4 Nh7 74. h5 Nf6 75. h6 Rb1 76. g4 Rb7 77. g5 Nd5 78. Rf3 Rb2+
79. Kg3 Rb8 80. h7 Ne7 81. Rf6+ Kd5 82. Ng6 1-0

[Event "Russian Championship B19 2016"]
[Site "Loo"]
[Date "2016.04.24"]
[Round "5.10"]
[White "Najdin, Danil"]
[Black "Feoktistov, Nikita"]
[Result "1-0"]
[WhiteElo "2305"]
[BlackElo "2194"]
[PlyCount "39"]
[EventDate "2016.04.20"]

1. e4 c5 2. Nf3 d6 3. Bb5+ Bd7 4. Bxd7+ Qxd7 5. c4 Qg4 6. O-O Qxe4 7. d4 Nd7 8.
Nc3 Qc6 9. Re1 Ngf6 10. Bf4 a6 11. dxc5 dxc5 12. Nd5 Rc8 13. Qd2 e6 14. Rad1
Be7 15. Nh4 g6 16. Nf3 Bd8 17. Ne5 Qa4 18. b3 Qa5 19. Nxd7 Nxd7 20. Nc7+ 1-0